Jej meno je žena (Record no. 22438)
[ view plain ]
| 000 -NÁVESTIE | |
|---|---|
| fixed length control field | 00264nam a2200121 4500 |
| 008 - ÚDAJE S PEVNOU DĹŽKOU – VŠEOBECNÉ INFORMÁCIE | |
| fixed length control field | 190522s ||||xo d |
| 020 ## - MEDZINÁRODNÉ ŠTANDARDNÉ ČÍSLO KNIHY (ISBN) | |
| Údaje o dostupnosti | 0 |
| 041 1# - KÓD JAZYKA | |
| Kód jazyka textu/zvukovej stopy alebo samostatných nápisov | slo |
| 044 ## - KÓD KRAJINY VYDAVATEĽA/PRODUCENTA | |
| Kód krajiny MARC | xo |
| Kód krajiny ISO | SK |
| 100 1# - OSOBNÉ MENÁ – VŠEOBECNÉ INFORMÁCIE | |
| Osobné meno | Karssen Gien |
| -- | 1137 |
| 245 10 - NÁZOV | |
| Názov | Jej meno je žena |
| 250 ## - ÚDAJ O PORADÍ VYDANIA | |
| Údaj o poradí vydania | 1.vydanie |
| Stav stiahnutia (Blokovanie) (Withrawn status) | Stav straty | Stav poškodenia (Damaged status) | Nie pre výpožičky (Not for loan) | Spôsob nadobudnutia (Collection code) | Trvalé umiestnenie | Aktuálne umiestnenie | Dátum nadobudnutia | Inventárne číslo (prírastkové číslo) | Full call number | Dátum posledného výskytu | Cena s účinnosťou od | Typ jednotky Koha |
|---|---|---|---|---|---|---|---|---|---|---|---|---|
| Dar | Mestská knižnica Giraltovce | Mestská knižnica Giraltovce | 2019-05-10 | 20770 | S1428 | 2019-12-12 | 2019-12-12 |